| Tag |
First Indicator |
Second Indicator |
Subfields |
| LEADER |
00000cam a22000001a 4500 |
| 001 |
in00003317021 |
| 006 |
m d f |
| 007 |
cr bn mmmapmmp |
| 008 |
101130s2004 dcu o f000 0 eng d |
| 005 |
20260430172313.8 |
| 035 |
|
|
|a cis2007845339
|
| 040 |
|
|
|a ProQuest
|c ProQuest
|d UtOrBLW
|
| 043 |
|
|
|a n-us---
|
| 099 |
|
|
|a CRS-2004-GVF-0117
|
| 110 |
2 |
|
|a Library of Congress.
|b Congressional Research Service.
|
| 245 |
1 |
0 |
|a Comparison of Tax Incentives for Domestic Manufacturing in Current Legislative Proposals.
|
| 264 |
|
1 |
|a [Place of publication not identified] :
|b [publisher not identified],
|c 2004.
|
| 300 |
|
|
|a 1 online resource.
|
| 336 |
|
|
|a text
|b txt
|2 rdacontent
|
| 337 |
|
|
|a computer
|b c
|2 rdamedia
|
| 338 |
|
|
|a online resource
|b cr
|2 rdacarrier
|
| 500 |
|
|
|a Record is based on bibliographic data in ProQuest U.S. Congressional Research Digital Collection (last viewed Nov. 2010). Reuse except for individual research requires license from ProQuest, LLC.
|
| 500 |
|
|
|a CRS Report.
|
| 520 |
|
|
|a Describes proposals of tax incentives to promote domestic manufacturing by eliminating the extraterritorial income tax provision of the U.S. tax code. Describes H.R. 1769, H.R. 2896, H.R. 4520, and S. 1637. Reviews impact on domestic manufacturing investment; other effects on allocation of capital; and issues of administration and compliance.
|
| 500 |
|
|
|a Electronic resource.
|
| 650 |
|
0 |
|a Capital investments.
|
| 650 |
|
0 |
|a Investments, Foreign.
|
| 650 |
|
0 |
|a Tax incentives.
|
| 655 |
|
7 |
|a Electronic books.
|2 local
|
| 710 |
2 |
|
|a ProQuest (Firm)
|
| 776 |
0 |
8 |
|i Microfiche version:
|a Library of Congress. Congressional Research Service.
|t Comparison of Tax Incentives for Domestic Manufacturing in Current Legislative Proposals
|
| 830 |
|
0 |
|a U.S. Congressional Research.
|
| 856 |
4 |
0 |
|u http://proxy.library.tamu.edu/login?url=https://congressional.proquest.com/congcomp/getdoc?CRDC-ID=CRS-2004-GVF-0117
|z Connect to the full text of this electronic book
|t 0
|
| 999 |
|
|
|a MARS
|
| 999 |
f |
f |
|s 62a4dfc8-17c2-3d33-ba18-c56d88ef78f9
|i 926822a6-e30c-308f-9d99-b48b7395d482
|t 0
|
| 952 |
f |
f |
|a Texas A&M University
|b College Station
|c Electronic Resources
|s www_evans
|d Available Online
|t 0
|e CRS-2004-GVF-0117
|h Other scheme
|
| 998 |
f |
f |
|a CRS-2004-GVF-0117
|t 0
|l Available Online
|